| 000 | 01210nam0a2200301 4500 | ||
|---|---|---|---|
| 001 | RU\NLR\bibl\2036429 | ||
| 005 | 20250616215928.0 | ||
| 010 |
_a978-5-901956-37-3 _92000 |
||
| 021 |
_aRU _b2013-32800 _92248 |
||
| 035 | _a(NLR Aleph) 002023858 | ||
| 090 |
_a4517559 _c4517559 |
||
| 100 | _a20130524d2009 |||y0rusy50 ca | ||
| 101 | 0 | _arus | |
| 102 | _aRU | ||
| 105 | _ay ||||||||| | ||
| 200 | 1 |
_aЕНВД-2009 _eпрактические рекомендации для нижегородских налогоплательщиков _fВ.Н. Изюмова _gРед. журн. "Ажур НН" |
|
| 210 |
_aНижний Новгород _cООО "Растр-НН" _d2009 |
||
| 215 |
_a184 с. _d21 |
||
| 225 | 1 | _aБиблиотека журнала "Ажур НН" | |
| 300 | _aНа обл. авт. не указан | ||
| 606 | 1 |
_aНалог на вмененный доход _jПрактические пособия _yНижний Новгород, город _92087932 _3RU\NLR\auth\661567637 |
|
| 686 | _aУ26(2)141.1(2Р-4Ни-2Н)я7 | ||
| 700 | 1 |
_aИзюмова _bВ. Н. _4070 |
|
| 801 | 0 |
_aRU _bNLR _c20130524 _gRCR |
|
| 801 | 1 |
_aRU _bNLR _c20130524 |
|
| 942 | _cBOOK | ||
| 980 | _aNB | ||